| 000 | 01107nam a2200325 i 4500 | ||
|---|---|---|---|
| 001 | 17808 | ||
| 003 | ES-MaACL | ||
| 005 | 20250704062540.0 | ||
| 007 | t| | ||
| 008 | 010529s1977 sp 001 0 spa d | ||
| 017 |
_aV 470-1977 _bOficina Depósito Legal Valencia |
||
| 020 | _a8473660692 | ||
| 040 | _cES-MaACL | ||
| 080 | _a061.236.3(4647.1M.)(091)"19" | ||
| 100 | 1 |
_aRuiz Salvador, Antonio, _d1937- _eaut _9100923 |
|
| 245 | 1 | 0 |
_aAteneo, dictadura, República / _cAntonio Ruiz Salvador. |
| 246 | _aAteneo, dictadura y República | ||
| 260 |
_aValencia : _bFernando Torres, _c[1977] |
||
| 300 |
_a284 p. ; _c23 cm. |
||
| 490 | 1 |
_aInterdisciplinar ; _v2, 37 |
|
| 500 | _aÍndices | ||
| 610 | 2 | 4 |
_aAteneo de Madrid- _vHistoria _91925 |
| 610 | 2 | 4 |
_aAteneo de Madrid- _vObras digitalizadas. _91930 |
| 830 | 1 |
_aInterdisciplinar ; _v2, 37 _9182330 |
|
| 852 | 4 |
_aES-MaACL _jA-7108 _cSPP1 |
|
| 856 | 4 |
_uhttps://www.ateneodemadrid.com/biblioteca_digital/libros/Libro-00002.pdf _zVer documento |
|
| 942 |
_cMONOGRAFIA _n0 |
||
| 999 |
_c17808 _d17808 |
||